|
|
|
|
| LEADER |
02130nam a2200457 a 4500 |
| 001 |
000765164 |
| 003 |
CZ BrMZK |
| 005 |
20091009104224.0 |
| 007 |
ta |
| 008 |
050301s2004 xr erp 000 0 cze d |
| 015 |
|
|
|a cnb001497471
|
| 020 |
|
|
|a 80-210-3584-6
|q (brož.)
|
| 035 |
|
|
|a (OCoLC)85135088
|
| 040 |
|
|
|a BOA001
|b cze
|
| 072 |
|
7 |
|a 658
|x Řízení a správa podniku
|2 Konspekt
|9 4
|
| 072 |
|
7 |
|a 37.016
|x Učební osnovy. Vyučovací předměty. Učebnice
|2 Konspekt
|9 22
|
| 080 |
|
|
|a 658.14/.17
|2 MRF
|
| 080 |
|
|
|a (075.8)
|2 MRF
|
| 100 |
1 |
|
|a Kalouda, František,
|d 1949-
|7 jo20010082972
|4 aut
|
| 245 |
1 |
0 |
|a Základy firemních financí /
|c František Kalouda
|
| 250 |
|
|
|a 1. vyd.
|
| 260 |
|
|
|a Brno :
|b Masarykova univerzita v Brně,
|c 2004
|
| 300 |
|
|
|a 105 s. ;
|b 30 cm
|
| 500 |
|
|
|a Nad názvem: Masarykova univerzita v Brně. Ekonomicko-správní fakulta
|
| 500 |
|
|
|a 600 výt.
|
| 504 |
|
|
|a Obsahuje bibliografii
|
| 500 |
|
|
|a Dostupné též v digitální podobě v aplikaci Kramerius
|
| 650 |
0 |
7 |
|a finance podniku
|7 ph172935
|2 czenas
|
| 650 |
0 |
7 |
|a finanční management
|7 ph114551
|2 czenas
|
| 655 |
|
7 |
|a učebnice vysokých škol
|7 fd133772
|2 czenas
|
| 710 |
2 |
|
|a Masarykova univerzita.
|b Ekonomicko-správní fakulta
|7 kn20010709273
|
| 856 |
4 |
1 |
|u http://www.digitalniknihovna.cz/mzk/uuid/uuid:5ca7f460-2657-11e6-9fe5-005056827e52
|y Digitalizovaný dokument
|x NDK
|
| 910 |
|
|
|a BOA001
|b 3-1148.134
|
| 990 |
|
|
|a BK
|
| 991 |
|
|
|b 200504
|c NOV
|
| 996 |
6 |
|
|b 2610243300
|c 3-1148.134
|l MZK
|r Sklad / do 1 hodiny
|n 5
|p p.v.
|w 000765164
|u 000010
|a 1
|e BOA001
|j MZK50
|s P
|
| 996 |
7 |
|
|b 2610243301
|c 3-1148.134
|l MZK
|r Sklad / do 1 hodiny
|n 20
|p p.v.
|w 000765164
|u 000020
|a 1
|e BOA001
|j MZK50
|s A
|
| 996 |
7 |
|
|b 2610247067
|c 3-1148.134
|l MZK
|r Sklad / do 1 hodiny
|n 19
|p kup
|w 000765164
|u 000030
|a 1
|e BOA001
|j MZK50
|s A
|
| 996 |
7 |
|
|b 2610247068
|c 3-1148.134
|l MZK
|r Sklad / do 1 hodiny
|n 26
|p kup
|w 000765164
|u 000040
|a 1
|e BOA001
|j MZK50
|s A
|
| 996 |
7 |
|
|b 2610277587
|c 3-1148.134
|l MZK
|r Sklad / do 1 hodiny
|n 23
|p kup
|w 000765164
|u 000050
|a 1
|e BOA001
|j MZK50
|s A
|
| 996 |
7 |
|
|b 2610277588
|c 3-1148.134
|l MZK
|r Sklad / do 1 hodiny
|n 16
|p kup
|w 000765164
|u 000060
|a 1
|e BOA001
|j MZK50
|s A
|